[Event "Jersey Open"]
[Site "St Helier JCI"]
[Date "2000.02.23"]
[Round "4"]
[White "Fulton,AJ"]
[Black "Hickman,J"]
[Result "1-0"]
[WhiteElo "2216"]
[BlackElo "2116"]

1.e4 d6 2.d4 Nf6 3.Nc3 c6 4.Be3 Qb6 5.Qd2 Qxb2 6.Rb1 Qa3 7.Bc4 b5 8.Rb3 Qa5
9.Bd3 e5 10.Nf3 Nbd7 11.d5 Nc5 12.Bxc5 dxc5 13.Nxe5 b4 14.Nxc6 bxc3 15.Qf4 Qxa2
16.Qc7 Qa1+ 17.Ke2 Bg4+ 18.f3 Rc8 19.Rb8  1-0

[Event "ch-Serbia"]
[Site "Kragujevac YUG"]
[Date "2000.02.24"]
[Round "6"]
[White "Martic,I"]
[Black "Milosevic,Sla"]
[Result "1-0"]
[WhiteElo "2182"]
[BlackElo "2246"]

1.e4 d6 2.d4 Nf6 3.Nc3 e5 4.Nf3 Nbd7 5.Bc4 Be7 6.O-O O-O 7.Re1 c6 8.a4 b6
9.Ba2 a6 10.h3 Bb7 11.dxe5 dxe5 12.Nh4 b5 13.Nf5 b4 14.Nb1 Nc5 15.Qf3 Ne6
16.Be3 c5 17.Nd2 Nd4 18.Bxd4 cxd4 19.Nc4 g6 20.Qg3 Bxe4 21.Nxe7+ Qxe7 22.Nxe5 Qc5
23.Qg5 Qd6 24.Nc4 Qd8 25.Bb3 Rc8 26.Re2 Bd5 27.Nd2 Bxb3 28.Nxb3 d3 29.cxd3 Qxd3
30.Re3 Qd6 31.Re2 Kg7 32.Rd2 Qc6 33.Rc1 Qxa4 34.Rxc8 Rxc8 35.Nd4 Qd7 36.g4 Rc1+
37.Kh2 Qd6+ 38.f4 Qb6 39.Qe5 Qc7 40.Qg5 Qb6 41.Qe5 Qc5 42.Ne6+ fxe6 43.Rd7+ Kh6
44.g5+ Kh5 45.Rxh7+ Nxh7  1-0

[Event "ch-Serbia"]
[Site "Kragujevac YUG"]
[Date "2000.02.24"]
[Round "6"]
[White "Vujacic,B"]
[Black "Scekic,M"]
[Result "0-1"]
[WhiteElo "2358"]
[BlackElo "2454"]

1.e4 d6 2.d4 Nf6 3.Nc3 c6 4.Nf3 Bg4 5.h3 Bh5 6.Be3 e6 7.Be2 Be7 8.O-O d5
9.e5 Nfd7 10.Qd2 O-O 11.Bg5 Bxf3 12.Bxe7 Qxe7 13.Bxf3 c5 14.Nb5 cxd4 15.Rfe1 Nc6
16.Nxd4 Ndxe5 17.Bd1 Nc4 18.Qc3 Nxd4 19.Qxd4 Qb4 20.Be2 Qb6 21.Qh4 Qxb2 22.Bd3 g6
23.Rab1 Qc3 24.f4 Nd6 25.Kh1 b6 26.Re5 Nc4 27.Rb3 Qa1+ 28.Re1 Qd4 29.Qg3 Rac8
30.Re2 Nb2 31.Ba6 Rxc2 32.Rxc2 Qd1+ 33.Bf1 Qxc2 34.h4 Nc4 35.Rd3 Nd6  0-1

[Event "16th open"]
[Site "Cappelle La Grande FRA"]
[Date "2000.02.25"]
[Round "8"]
[White "Vreeken,C"]
[Black "Mohebbi,J"]
[Result "1/2-1/2"]
[WhiteElo "2087"]
[BlackElo "2316"]

1.e4 d6 2.d4 Nf6 3.Nc3 Nbd7 4.g3 e5 5.Nge2 Be7 6.Bg2 c6 7.O-O h5 8.h3 Qc7
9.Be3 h4 10.g4 Nf8 11.f3 N6h7 12.Qd2 g5 13.b4 Ne6 14.Rfb1 Nf4 15.Bf1 O-O
16.Nxf4 gxf4 17.Bf2 Rd8 18.d5 Bd7 19.Qe1 Ng5 20.Kg2 Kg7 21.Bd3 Rdb8 22.a4 Qd8
23.a5 cxd5 24.Nxd5 Be6 25.Nc3 Rc8 26.b5 Bf6 27.Ra3 d5 28.exd5 Bxd5 29.Ne4 Qe7
30.Ra4 Ne6 31.Nxf6 Qxf6 32.Bxh4 Ng5 33.Bxg5 Qxg5 34.h4 Qxg4+ 35.Kh2 Qg3+
36.Qxg3+ fxg3+ 37.Kxg3 Rg8 38.Be4 Kf6+ 39.Kf2 Bxe4 40.Rxe4 Rae8 41.Rbe1  1/2-1/2

[Event "16th open"]
[Site "Cappelle La Grande FRA"]
[Date "2000.02.25"]
[Round "8"]
[White "Dvoirys,S"]
[Black "Lelchuk,Z"]
[Result "1-0"]
[WhiteElo "2591"]
[BlackElo "2379"]

1.e4 d6 2.d4 Nf6 3.Nc3 e5 4.Nf3 Nbd7 5.Be2 Be7 6.O-O O-O 7.Be3 Ng4 8.Bc1 c6
9.a4 Ngf6 10.Re1 Qc7 11.Bf1 b6 12.Nh4 g6 13.Nf3 a6 14.Bh6 Re8 15.Ng5 exd4
16.Qxd4 Ne5 17.h3 Nh5 18.Qd1 Bf6 19.Nf3 Qe7 20.Be3 Nxf3+ 21.Qxf3 Rb8 22.e5 Bxe5
23.Qxc6 Bb7 24.Qc4 Nf6 25.Bg5 Qe6 26.Qh4 Nd7 27.Rad1 f6 28.Bc4 d5 29.Nxd5 fxg5
30.Nf6+ Nxf6 31.Bxe6+ Rxe6 32.Qc4  1-0

[Event "ch-Serbia"]
[Site "Kragujevac YUG"]
[Date "2000.02.25"]
[Round "7"]
[White "Markovic,Ma"]
[Black "Trifunovic,M"]
[Result "0-1"]
[WhiteElo "2206"]
[BlackElo "2279"]

1.e4 d6 2.d4 Nf6 3.Nc3 e5 4.f3 exd4 5.Qxd4 Nc6 6.Bb5 Bd7 7.Bxc6 bxc6 8.Bg5 Be7
9.Nge2 O-O 10.O-O-O Re8 11.Qd2 h6 12.Bh4 Be6 13.Nd4 Qd7 14.Rhe1 d5 15.e5 Ne4
16.Nxe4 Bxh4 17.Nf6+ gxf6 18.g3 Bg5 19.f4 fxe5 20.Nxe6 Qxe6 21.fxg5 e4 22.Rf1 e3
23.Qe2 hxg5 24.g4 d4 25.Kb1 Qd5 26.h4 Rab8 27.b3 gxh4 28.g5 Qe4 29.Qc4 Qe6
30.Qe2 Qd5 31.Rf6 Qxg5 32.Rdf1 Re7 33.R1f5 Qg7 34.Rf4  0-1

[Event "Jersey Open"]
[Site "St Helier JCI"]
[Date "2000.02.25"]
[Round "6"]
[White "Corkett,A"]
[Black "Kirkwood,R"]
[Result "1-0"]
[WhiteElo "2295"]
[BlackElo "2083"]

1.e4 d6 2.d4 Nf6 3.Nc3 c6 4.Nf3 Bg4 5.Be2 e6 6.O-O Be7 7.Be3 O-O 8.a3 d5
9.h3 Bh5 10.Nd2 Bxe2 11.Qxe2 dxe4 12.Ncxe4 Nxe4 13.Nxe4 Nd7 14.c4 Nf6 15.Nc3 Qc7
16.Rac1 Rad8 17.Rfd1 Qa5 18.Qf3 h6 19.Ra1 Qa6 20.b3 Rd7 21.Qe2 Rfd8 22.b4 b6
23.Rdb1 Qc8 24.Rd1 Bf8 25.Qf3 Be7 26.Rab1 Ne8 27.Rbc1 Bf6 28.b5 c5 29.dxc5 Rxd1+
30.Nxd1 bxc5 31.Nc3 Bd4 32.Ne2 e5 33.Ng3 Nd6 34.Ne4 Bxe3 35.fxe3 f6 36.a4 Qe6
37.Nxc5 Qf7 38.Qd5 Qxd5 39.cxd5 f5 40.Ne6 Rd7 41.Nc7  1-0

[Event "Jersey Open"]
[Site "St Helier JCI"]
[Date "2000.02.25"]
[Round "6"]
[White "Compton,A"]
[Black "Willmoth,R"]
[Result "0-1"]
[WhiteElo "2093"]
[BlackElo "2215"]

1.e4 d6 2.d4 Nf6 3.Nc3 c6 4.Bg5 Nbd7 5.Bd3 Qb6 6.Nge2 Qxb2 7.O-O Qb6 8.f4 e5
9.Rb1 Qc7 10.Kh1 h6 11.Bh4 Be7 12.dxe5 dxe5 13.Bg3 Bd6 14.f5 Nc5 15.Bh4 Be7
16.Bxf6 Bxf6 17.Ng3 b6 18.Nh5 Qe7 19.Qe2 Bb7 20.a4 Nxd3 21.Qxd3 Rd8 22.Qe2 Qc5
23.Rf3 Ke7 24.Nd1 Rd4 25.Rg3 Rhd8 26.Nxf6 gxf6 27.Rg7 Qc4 28.Qf3 Qxc2  0-1

[Event "Metalis Open"]
[Site "Bizovac CRO"]
[Date "2000.02.26"]
[Round "5"]
[White "Tancsa,R"]
[Black "Dizdarevic,E"]
[Result "0-1"]
[WhiteElo "2250"]
[BlackElo "2520"]

1.e4 d6 2.d4 Nf6 3.Nc3 c6 4.f4 d5 5.e5 Ng8 6.Be3 h5 7.h3 Bf5 8.Nf3 e6 9.Bd3 Nh6
10.O-O Nd7 11.Ne2 Be7 12.b3 b5 13.a4 b4 14.Bf2 h4 15.Nc1 a5 16.Qe1 Bxd3 17.Nxd3 Nf5
18.c3 bxc3 19.Qxc3 Qb6 20.Rfc1 Ra6 21.Rab1 O-O 22.b4 Rfa8 23.b5 cxb5 24.Rxb5 Qd8
25.Nc5 R6a7 26.Nb7 Qe8 27.Be1 Nf8 28.Qb3 Ng6 29.Bxa5 Nxf4 30.Rd1 Rxa5 31.Nxa5 f6
32.Qa2 Bd8 33.Nb3 Rxa4 34.Qd2 fxe5 35.dxe5 Qh5 36.Kh2 Bb6 37.Qe1 Rc4  0-1

[Event "ch-YUG (women) qualifier"]
[Site "Kragujevac YUG"]
[Date "2000.02.26"]
[Round "8"]
[White "Boskovic,Ma"]
[Black "Velickovski,M"]
[Result "1-0"]
[WhiteElo "2050"]
[BlackElo "2172"]

1.e4 d6 2.d4 Nf6 3.Nc3 c6 4.Nf3 Bg4 5.Be2 Nbd7 6.h3 Bh5 7.O-O e5 8.Be3 Be7
9.Qd2 Qc7 10.d5 Bg6 11.Bg5 Bxe4 12.dxc6 Bxc6 13.Rad1 a6 14.Rfe1 O-O 15.Nh4 d5
16.Nf5 Bc5 17.Bxf6 Nxf6 18.Qg5 Ne8 19.Nxd5 Bxd5 20.Rxd5 f6 21.Qg4 b5 22.Red1 g6
23.Rd7 Qb6 24.Kh1 Ra7 25.b4 Bd4 26.Ne7+ Kh8 27.Nxg6+ Kg8 28.Nxe5+ Kh8 29.Ng6+  1-0

[Event "Metalis Open"]
[Site "Bizovac CRO"]
[Date "2000.02.27"]
[Round "7"]
[White "Sulc,D"]
[Black "Dizdarevic,E"]
[Result "0-1"]
[WhiteElo "2283"]
[BlackElo "2520"]

1.e4 d6 2.d4 Nf6 3.Nc3 c6 4.a4 Qa5 5.Bd3 e5 6.Bd2 exd4 7.Nb5 Qd8 8.Nxd4 g6
9.Ngf3 Bg7 10.O-O O-O 11.Qc1 Re8 12.Re1 Nbd7 13.Bh6 Nc5 14.Bxg7 Kxg7 15.Qf4 Nh5
16.Qd2 Qf6 17.b4 Ne6 18.Nxe6+ Bxe6 19.Bf1 Rad8 20.c4 h6 21.Qd4 Bg4 22.e5 dxe5
23.Qxg4 e4 24.Nh4 Rd2 25.f3 e3 26.Rad1 Rxd1 27.Rxd1 e2 28.Bxe2 Rxe2 29.g3 Ra2
30.a5 Ra1 31.Nf5+ Kh7 32.Ne3 Ra3 33.Qe4 Ra2 34.Qd4 Qxf3 35.Rf1 Qe2  0-1

[Event "NED-chT"]
[Site "Hengelo NED"]
[Date "2000.02.27"]
[Round "4"]
[White "Bouwmeester,A"]
[Black "Ellenbroek,T"]
[Result "1/2-1/2"]
[WhiteElo "2271"]
[BlackElo "2077"]

1.e4 d6 2.d4 Nf6 3.Nc3 e5 4.dxe5 dxe5 5.Qxd8+ Kxd8 6.Bc4 Be6 7.Bxe6 fxe6
8.Nf3 Bd6 9.h3 Nc6 10.Be3 Ke7 11.a3 a6 12.O-O-O h6 13.Nd2 Nh5 14.Nb3 g5 15.g3 b6
16.h4 g4 17.Rd3 Rad8 18.Rhd1 Nf6 19.Nd2 Na5 20.Na4 Nb7 21.b4 a5 22.b5 Nd7
23.Nc4 Nf6 24.Nc3 Nd7 25.R3d2 Ndc5 26.Rh1 Rdf8 27.Kd1 h5 28.Ke2 Ke8 29.Re1 Rh7
30.Kf1 Rff7 31.Kg2 Rd7 32.Bg5 Rhf7 33.Rde2 Rf3 34.Re3 Rdf7 35.Rxf3 Rxf3 36.Re3 Rxe3
37.Bxe3 Nd7 38.f3 Nf6 39.f4 exf4 40.Nxd6+ cxd6 41.Bxf4 Nc5 42.Bxd6 Ncxe4
43.Be5 Nxc3 44.Bxc3 Nd5 45.Bd4 e5 46.Bxe5 Ne3+ 47.Kf2 Nc4 48.Bd4 Nxa3 49.Bxb6 a4
50.Bd4 Nxb5 51.Be5 Kd7 52.Ke3 Ke6 53.Kf4 Kd5 54.Bb2 a3 55.c4+ Kxc4 56.Bxa3 Nxa3
57.Kg5 Kd5 58.Kxh5 Ke6 59.Kxg4  1/2-1/2

[Event "Masters"]
[Site "Monaco MNC"]
[Date "2000.02.27"]
[Round "9"]
[White "Guidarelli,L"]
[Black "Caposciutti,M"]
[Result "1-0"]
[WhiteElo "2359"]
[BlackElo "2344"]

1.d4 d6 2.e4 Nf6 3.Nc3 c6 4.Be3 Ng4 5.Bg5 Qb6 6.Qd2 Qxb2 7.Rb1 Qa3 8.Bc4 Nd7
9.Nf3 e5 10.O-O exd4 11.Nxd4 h6 12.Bh4 Qc5 13.Be2 Ngf6 14.Kh1 Ne5 15.f4 Ng6
16.Bxf6 gxf6 17.Nf5 d5 18.Rfe1 d4 19.Na4 Qa3 20.Qxd4 Nxf4 21.Qxf6 Qxa4 22.Qxh8 Bxf5
23.Bb5 Qxc2 24.exf5+ Kd7 25.Rbd1+ Kc7 26.Qe5+ Kb6 27.Bf1 Nd5 28.Rb1+ Ka5
29.Rxb7 Bc5 30.Rb2 Qa4 31.Qe2 a6 32.Rc1 Qd4 33.Rxc5+ Qxc5 34.Rc2 Nc3 35.Qd2 Kb4
36.a3+ Kb3 37.Rb2+ Kxa3 38.Qc2  1-0

[Event "Caissa Open"]
[Site "Kharkov UKR"]
[Date "2000.02.31"]
[Round "7"]
[White "Gasanov,E"]
[Black "Tugaj,S"]
[Result "0-1"]
[WhiteElo "2400"]
[BlackElo "2290"]

1.e4 d6 2.d4 Nf6 3.Nc3 Nbd7 4.f4 e5 5.Nf3 exd4 6.Qxd4 Be7 7.e5 dxe5 8.fxe5 Bc5
9.Qh4 Qe7 10.Bf4 Bb4 11.O-O-O Bxc3 12.bxc3 Qa3+ 13.Kb1 Ne4 14.Bd2 Nxd2+ 15.Rxd2 Qe7
16.e6 fxe6 17.Qxe7+ Kxe7 18.Bc4 Nb6 19.Bb3 c5 20.Ne5 Rf8 21.Re1 a5 22.a3 Ra6
23.Bc4 Nxc4 24.Nxc4 b5 25.Ne5 Rf5 26.h3 Rd6 27.Rde2 Bb7 28.Kb2 Bd5 29.a4 Rb6
30.Ka3 b4+ 31.Kb2 bxc3+ 32.Ka3 Rb2 33.Ra1 Rf1 34.Nc6+ Kd6 35.Ree1 Rxe1  0-1

[Event "Oz.com qualifier blitz"]
[Site "Internet ICC"]
[Date "2000.03.05"]
[Round "1"]
[White "Laplaza,J"]
[Black "Porper,E"]
[Result "0-1"]
[WhiteElo "2190"]
[BlackElo "2436"]

1.e4 d6 2.d4 Nf6 3.Nc3 e5 4.d5 c6 5.Nf3 Bg4 6.Be2 Nbd7 7.O-O Be7 8.h3 Bxf3
9.Bxf3 O-O 10.Be3 Qc7 11.Qe2 cxd5 12.Nxd5 Nxd5 13.exd5 f5 14.Qd2 f4 15.Bg4 fxe3
16.Be6+ Kh8 17.fxe3 Nc5 18.Qe2 Nxe6 19.dxe6 Rf6 20.Qg4 Raf8 21.Rxf6 Rxf6
22.Qh5 Bf8 23.Rf1 Rxf1+ 24.Kxf1 Qc4+ 25.Kg1 Qxe6 26.Qf3 Qe7 27.Qd5 g6 28.c4 Bh6
29.e4 Be3+ 30.Kh1 Kg7 31.Qd3 Bd4 32.b4 Qg5 33.c5 Qc1+ 34.Kh2 Qe1 35.Qb5 Bg1+
36.Kh1 Bf2+  0-1

[Event "Oz.com qualifier blitz"]
[Site "Internet ICC"]
[Date "2000.03.05"]
[Round "2"]
[White "Thorfinnsson,Br"]
[Black "Komliakov,V"]
[Result "1/2-1/2"]
[WhiteElo "2260"]
[BlackElo "2463"]

1.d4 d6 2.e4 Nf6 3.Nc3 c6 4.f3 e5 5.Be3 Be7 6.Qd2 b5 7.O-O-O Qc7 8.Kb1 O-O
9.g4 Bb7 10.h4 Nbd7 11.h5 b4 12.Nce2 c5 13.dxe5 Nxe5 14.Ng3 c4 15.g5 c3 16.Qd4 Ne8
17.f4 Nc6 18.Qc4 a5 19.g6 Ba6 20.gxf7+ Rxf7 21.Qe6 Nd8 22.Qg4 Bxf1 23.Rxf1 cxb2
24.Nf5 Rc8 25.Rh2 a4 26.Nh6+ Kf8 27.Nxf7 Nxf7 28.Nf3 Qc4 29.Rg1 Bf6 30.e5 dxe5
31.Nxe5 Nxe5 32.fxe5 Qxg4 33.Rxg4 Bxe5 34.Rf2+ Nf6 35.Bd4 Rc4 36.Bxb2 Rxg4
37.Bxe5 a3 38.c3 bxc3 39.h6 Rg6 40.hxg7+ Kxg7 41.Kc2 h5 42.Kxc3 h4 43.Kb3 h3
44.Kxa3 Kf7 45.Kb4 Ke6 46.Bxf6 Rxf6 47.Rh2 Rf3 48.a4 Kd6 49.Rc2 Rf4+ 50.Kb5 Rh4
51.Rh2 Kc7 52.a5 Kb7 53.a6+ Ka7 54.Kc5 Kxa6 55.Kd5 Kb5 56.Ke5 Kc4 57.Kf5 Kd4
58.Kg5 Rh8 59.Kg4 Ke4 60.Rxh3 Rg8+ 61.Kh5 Kf4 62.Ra3 Rh8+  1/2-1/2

[Event "Oz.com qualifier blitz"]
[Site "Internet ICC"]
[Date "2000.03.05"]
[Round "5"]
[White "Goldenberg,D"]
[Black "Gueci,R"]
[Result "1/2-1/2"]
[WhiteElo "2244"]
[BlackElo "2169"]

1.e4 d6 2.d4 Nf6 3.Nc3 Nbd7 4.Nf3 e5 5.Bc4 Be7 6.O-O O-O 7.Qe2 exd4 8.Nxd4 Ne5
9.Bb3 c5 10.Nf5 Bxf5 11.exf5 Qd7 12.f4 Nc6 13.g4 d5 14.Qg2 c4 15.Ba4 Bc5+
16.Kh1 Rfe8 17.Rd1 d4 18.g5 dxc3 19.Be3 Qxf5 20.gxf6 g6 21.Bxc5 Qxc5 22.Bxc6 Qxc6
23.Qxc6 bxc6 24.bxc3 Re2 25.Rac1 Rf2 26.Rd4 Re8 27.Kg1 Rfe2 28.Rxc4 R2e6
29.Kf2 Rxf6 30.Re1 Rd8 31.Rd4 Rfd6 32.Red1 Rd5 33.Kf3 Kf8 34.R1d3 f5 35.Ke3 Ke7
36.Ra4 R8d7 37.Rxd5 cxd5 38.Kd4 Ke6 39.Ra6+ Rd6 40.Rxa7 Rc6 41.Ra4 h6 42.h4 Rb6
43.c4 dxc4 44.Kxc4 Rc6+ 45.Kd3 Rd6+ 46.Rd4 Rb6 47.a4 Rb1 48.Rc4 Rh1 49.Rc6+ Kf7
50.Kd4 Rxh4 51.Ke5 g5 52.Rc7+ Kg6 53.Rc6+ Kf7 54.fxg5 hxg5 55.Kxf5 Rxa4 56.Rc7+ Ke8
57.Kxg5 Kd8 58.Rc5 Kd7 59.Kf5 Kd6 60.Rc8 Ra5+ 61.Ke4 Rc5 62.Rd8+ Kc6 63.Rd2 Kb5
64.Rh2 Kb4 65.Kd4 Rc4+ 66.Kd3 Rc3+ 67.Kd2 Rc4 68.Rh3 Rd4+ 69.Kc1 Kc4 70.Kb2 Rf4
71.Ra3 Rf8 72.Ra4+ Kb5 73.Rh4 Kc5 74.Rg4 Rf3 75.c3 Re3 76.Kb3 Re1 77.Rg5+ Kc6
78.Kb4 Rb1+ 79.Kc4 Rd1 80.Rg6+ Kc7 81.Kc5 Rh1 82.Rg7+ Kc8 83.c4 Rh6 84.Kb5 Rh5+
85.c5 Rh6 86.Rf7 Rg6 87.Rf2 Rh6 88.Rd2 Kc7 89.Re2 Rg6 90.Re7+ Kc8 91.Ra7 Kb8
92.Rd7 Kc8 93.c6 Rg1 94.Rh7 Rb1+ 95.Kc5 Rc1+ 96.Kd5 Rd1+ 97.Ke6 Re1+ 98.Kd6 Rd1+  1/2-1/2

[Event "Oz.com qualifier blitz"]
[Site "Internet ICC"]
[Date "2000.03.05"]
[Round "5"]
[White "Michalke,G"]
[Black "Porper,E"]
[Result "0-1"]
[WhiteElo "2197"]
[BlackElo "2436"]

1.e4 d6 2.d4 Nf6 3.Nc3 e5 4.dxe5 dxe5 5.Qxd8+ Kxd8 6.Bc4 Be6 7.Bxe6 fxe6
8.Bg5 Bd6 9.O-O-O Ke7 10.f3 Nd7 11.Nh3 Rhb8 12.Nf2 b5 13.Nd3 a5 14.Rhe1 a4
15.f4 b4 16.Nb1 b3 17.cxb3 axb3 18.a3 Ra6 19.Nc3 Rc6 20.Kb1 Rc4 21.g4 Kf7
22.f5 Bxa3 23.Bxf6 gxf6 24.h4 Bd6 25.fxe6+ Kxe6 26.Rf1 Rc6 27.Rf2 Ra6 28.Rdf1 Rba8
29.Kc1 Ra1+ 30.Kd2 Rxf1 31.Rxf1 Nb6 32.Rf5 Nc4+ 33.Ke2 c6 34.Rh5 Ra2 35.Nd1 Ba3
36.Rxh7 Nxb2 37.N1xb2 Kd6 38.Ra7 Bxb2 39.Rf7 Bd4+ 40.Kd1 b2 41.Rb7 Ra1+ 42.Kc2 Rg1
43.g5 fxg5 44.hxg5 Rxg5 45.Kb1 Rg1+ 46.Kc2 Rg2+ 47.Kb1 c5 48.Rb8 c4 49.Nxb2 Bxb2
50.Rxb2 Rxb2+ 51.Kxb2 Kc5 52.Kc3 Kb5 53.Kc2 Kb4 54.Kb2 c3+ 55.Kc1 Kc4 56.Kc2 Kd4  0-1

[Event "Oz.com qualifier blitz"]
[Site "Internet ICC"]
[Date "2000.03.05"]
[Round "6"]
[White "Hagesaether,H"]
[Black "Guadalpi,D"]
[Result "0-1"]
[WhiteElo "2215"]
[BlackElo "2287"]

1.e4 d6 2.d4 Nf6 3.Nc3 Nbd7 4.Nf3 e5 5.Bc4 Be7 6.O-O O-O 7.h3 c6 8.a4 Qc7
9.Be3 b6 10.d5 Bb7 11.dxc6 Bxc6 12.Bd5 Rfd8 13.Ng5 Bxd5 14.Nxd5 Nxd5 15.Qxd5 Bxg5
16.Bxg5 Re8 17.Rfd1 Qxc2 18.Rac1 Qxa4 19.Rc7 h6 20.Be3 Rf8 21.Qxd6 Nf6 22.Bxh6 Nxe4
23.Qxe5 Qxd1+ 24.Kh2 Qd6  0-1

[Event "Oz.com qualifier blitz"]
[Site "Internet ICC"]
[Date "2000.03.05"]
[Round "7"]
[White "Sawatzki,F"]
[Black "Porper,E"]
[Result "1-0"]
[WhiteElo "2270"]
[BlackElo "2436"]

1.e4 d6 2.d4 Nf6 3.Nc3 e5 4.Nf3 Nbd7 5.Bc4 Be7 6.O-O O-O 7.Qe2 c6 8.a4 Qc7
9.Rd1 b6 10.Be3 a6 11.d5 c5 12.Nh4 Qd8 13.Nf5 Ne8 14.f4 Bf6 15.g3 Nb8 16.g4 g6
17.Nh6+ Kh8 18.Rf1 Nd7 19.f5 g5 20.h4 Kg7 21.hxg5 Bxg5 22.f6+ Bxf6 23.Qd2 Nb8
24.Rf3 Ra7 25.Raf1 Bh4 26.Nf5+ Bxf5 27.Rxf5 Kh8 28.Qh2 Ng7 29.R5f3 Bg5 30.Kf2 Bxe3+
31.Rxe3 Qg5 32.Rh3 h5 33.gxh5 f5 34.Ke2 Qg4+ 35.Kd2 Qg5+ 36.Kd1 f4 37.h6 Ne8
38.Rg1 Qf6 39.Be2 Rh7 40.Bf3 Nd7 41.Rh5 Qf7 42.Rhg5 Ndf6 43.Qh4 Rg8 44.Rxg8+ Nxg8
45.Qd8 Rxh6 46.Qxb6 Rh3 47.Bg4 Rg3 48.Rh1+ Kg7 49.Bf5 Nh6 50.Be6 Qe7 51.Qxa6 Nc7
52.Qb7 f3 53.Rf1 Kf6 54.a5 Nxe6 55.Qxe7+ Kxe7 56.dxe6 Ng4 57.a6 Ne3+ 58.Ke1 Nxf1
59.Kxf1 Rg8 60.Nd5+ Kxe6 61.a7 Kd7 62.Nf6+ Kc6 63.Nxg8 Kb7 64.Nf6 Kxa7 65.Ne8 Kb6
66.Nxd6 Kc6 67.Nc4  1-0

[Event "FSIMB March"]
[Site "Budapest HUN"]
[Date "2000.03.10"]
[Round "5"]
[White "Gara,T"]
[Black "Rat,D"]
[Result "0-1"]
[WhiteElo "2299"]
[BlackElo "2366"]

1.e4 d6 2.d4 Nf6 3.Nc3 e5 4.Nf3 Nbd7 5.Bc4 Be7 6.O-O O-O 7.Re1 c6 8.a4 b6
9.h3 Bb7 10.d5 c5 11.g3 Ne8 12.Nh2 g6 13.f4 f5 14.exf5 Rxf5 15.g4 Rf7 16.f5 gxf5
17.gxf5 Bg5 18.Kh1 Bxc1 19.Rxc1 Kh8 20.Rg1 Ng7 21.Ne4 Qf8 22.Qg4 Nf6 23.Nxf6 Rxf6
24.Qe4 Rxf5 25.Bd3 c4 26.Bxc4 Rf4 27.Qe2 Qf7 28.Rcf1 Bxd5+ 29.Bxd5 Qxd5+
30.Qg2 Qxg2+ 31.Rxg2 Rxf1+ 32.Nxf1 Rf8 33.Nd2 Rf4 34.b3 Kg8 35.Nc4 Rd4 36.Rf2 Nh5
37.Kg2 Kg7 38.Rf1 Nf6 39.Re1 Kf7 40.Kf3 Ke6 41.Re2 Rf4+ 42.Kg2 Ne4 43.Nd2 Nxd2
44.Rxd2 d5 45.Kg3 Rf7 46.Re2 e4 47.Rd2 Ke5 48.Re2 d4 49.Re1 e3  0-1

[Event "33rd 8th March Women's It"]
[Site "Belgrade YUG"]
[Date "2000.03.11"]
[Round "8"]
[White "Skripchenko,A"]
[Black "Stepovaia Dianchenko,T"]
[Result "1/2-1/2"]
[WhiteElo "2444"]
[BlackElo "2420"]

1.e4 d6 2.d4 Nf6 3.Nc3 e5 4.dxe5 dxe5 5.Qxd8+ Kxd8 6.Bc4 Be6 7.Bxe6 fxe6
8.Be3 Bd6 9.f3 Ke7 10.O-O-O Nc6 11.Nge2 h6 12.Kb1 Rhf8 13.Nb5 a6 14.Nxd6 cxd6
15.Bb6 Rfc8 16.Nc3 Nd8 17.a4 Nf7 18.Rd3 Nd7 19.Be3 Nc5 20.Bxc5 Rxc5 21.Rhd1 Rac8
22.R1d2 Rc4 23.Rd1 R8c6 24.R1d2 b6 25.Rd1 Nd8 26.Na2 Rxa4 27.b3 Rd4 28.Rxd4 exd4
29.Rxd4 Rc5 30.Rd2 Nc6 31.Nc1 Ne5 32.Kb2 a5 33.Ne2 b5 34.Rd1 Nc6 35.Nf4 Ne5
36.Ra1 g5 37.Ne2 Nc6 38.Rd1 b4 39.Rd3 Ne5 40.Rd4 Ng6 41.Rd2 Nf4 42.Nxf4 gxf4
43.Kc1 h5 44.Kd1 Rg5 45.Ke1 h4 46.Kf2 Kd7 47.Ke1 Kc6 48.Kf2 Kc5 49.Rd3 Rg8
50.Rd2 d5 51.exd5 exd5 52.Rd1 Kd6 53.Rd2 Ke5 54.Rd1 Rc8 55.Rd2 d4 56.g3 fxg3+
57.hxg3 hxg3+ 58.Kxg3 Rc3 59.Rh2 d3 60.cxd3 Kd4 61.Rh4+ Kxd3 62.Rh5 Ke2 63.Rh2+ Kd1
64.Rh5 a4 65.bxa4 b3 66.Kg4 b2 67.f4 Re3 68.Rb5 Kc2 69.Rxb2+ Kxb2 70.f5 Kc3
71.f6 Re1 72.Kg5 Kd4  1/2-1/2

[Event "Bundesliga 1999-2000"]
[Site "Dresden GER"]
[Date "2000.03.12"]
[Round "12"]
[White "Shirov,A"]
[Black "Beliavsky,A"]
[Result "1/2-1/2"]
[WhiteElo "2751"]
[BlackElo "2640"]

1.e4 d6 2.d4 Nf6 3.Nc3 e5 4.Nf3 Nbd7 5.Bc4 Be7 6.O-O O-O 7.Re1 c6 8.a4 a5
9.b3 exd4 10.Nxd4 Nc5 11.Bb2 Re8 12.Qd2 Bf8 13.f3 Qb6 14.Kh1 Bd7 15.Rad1 Rad8
16.Qf4 Ne6 17.Nxe6 Bxe6 18.Bxe6 fxe6 19.e5 Nd5 20.Qd2 dxe5 21.Qg5 Be7 22.Qg3 Qc7
23.Ne4 Nf4 24.Rxd8 Rxd8 25.Nf2 Ng6 26.Qg4 Qd7 27.Nd3 Bd6 28.h4 Qf7 29.h5 Nf4
30.Nxf4 Qxf4 31.Qxe6+ Qf7 32.Qxf7+ Kxf7 33.Bxe5 Bxe5 34.Rxe5 b6 35.Re2 Rd5
36.g4 b5 37.Kg2 bxa4 38.bxa4 Rc5 39.Kg3 Rc4 40.Re5 c5 41.Rf5+ Kg8 42.g5 Rxc2
43.Rd5 Rc4 44.Rd8+ Kf7 45.Rd7+ Kf8 46.Rd8+ Kf7 47.f4 Rxa4 48.Rh8 Ra1 49.h6 gxh6
50.Rxh7+ Ke8 51.Rxh6 a4 52.f5 a3 53.Ra6 c4 54.Ra8+ Kd7 55.f6 Ke6 56.Kg2 Ra2+
57.Kg3 Ra1 58.Kg2 Ra2+ 59.Kg3  1/2-1/2

[Event "FSIMB March"]
[Site "Budapest HUN"]
[Date "2000.03.16"]
[Round "11"]
[White "Rajlich,V"]
[Black "Rat,D"]
[Result "0-1"]
[WhiteElo "2309"]
[BlackElo "2366"]

1.e4 d6 2.d4 Nf6 3.Nc3 e5 4.dxe5 dxe5 5.Qxd8+ Kxd8 6.Bc4 Be6 7.Bxe6 fxe6
8.f3 Bb4 9.Ne2 Ke7 10.Be3 Nbd7 11.O-O-O a6 12.Rd2 b5 13.Rhd1 Bd6 14.Kb1 Rhb8
15.Nc1 Nb6 16.Bxb6 Rxb6 17.a4 g5 18.Nd3 c5 19.Nf2 c4 20.a5 Rc6 21.Na2 Rb8
22.c3 b4 23.cxb4 Bxb4 24.Nxb4 Rxb4 25.Ng4 Rc5 26.Nxf6 Kxf6 27.Rd8 c3 28.R1d7 c2+
29.Kc1 Rxb2 30.Rf8+ Kg6 31.Rg8+ Kh6  0-1

[Event "Extraliga CZE"]
[Site "Ostrava CZE"]
[Date "2000.03.18"]
[Round "10"]
[White "Oral,T"]
[Black "Antoniewski,R"]
[Result "0-1"]
[WhiteElo "2541"]
[BlackElo "2417"]

1.e4 d6 2.d4 Nf6 3.Nc3 e5 4.dxe5 dxe5 5.Qxd8+ Kxd8 6.Bg5 Be6 7.f4 exf4 8.Nf3 Kc8
9.O-O-O Nbd7 10.Bxf4 Bb4 11.Nd5 Bxd5 12.exd5 Ng4 13.Bg3 Bd6 14.Rd4 h5 15.Bd3 Re8
16.Bf5 Nh6 17.Bh3 Kd8 18.Bxd6 cxd6 19.Rb4 Nc5 20.Rf1 g6 21.Ng5 f5 22.Rd1 b6
23.g3 Rc8 24.Bf1 Ng4 25.Bb5 Re7 26.Bc6 Re2 27.Rd2 Rxd2 28.Kxd2 Nxh2 29.Rd4 Nf1+
30.Ke1 Nxg3 31.b4 Nce4 32.Ne6+ Ke7 33.b5 h4 34.Ra4 Kf6 35.Rxa7 Rh8  0-1

[Event "Belgian Interteams 1999-2000"]
[Site "Antwerp BEL"]
[Date "2000.03.19"]
[Round "11"]
[White "Schumacher,H"]
[Black "Van Houtte,T"]
[Result "1-0"]
[WhiteElo "2176"]
[BlackElo "2235"]

1.d4 d6 2.Nc3 Nf6 3.e4 e5 4.Nge2 Be7 5.g3 Bg4 6.dxe5 dxe5 7.Qxd8+ Bxd8 8.Bg2 Na6
9.Be3 c6 10.a3 Nd7 11.h3 Be6 12.O-O Bb6 13.Bxb6 Nxb6 14.Rfd1 Ke7 15.b3 Rad8
16.f4 f6 17.Kf2 Nc5 18.h4 a5 19.Bf3 Nc8 20.b4 axb4 21.axb4 Rxd1 22.Rxd1 Na6
23.b5 Nb4 24.bxc6 bxc6 25.Na4 Nxc2 26.Rc1 Nb4 27.Rb1 Nd3+ 28.Ke3 Rd8 29.Rb7+ Kf8
30.Rb8 Ne1 31.Nc5 Ke7 32.Nxe6 Rd3+ 33.Kf2 Nxf3 34.Nc5 Ra3 35.Rxc8 exf4 36.gxf4 Nxh4
37.Nd4 Ng6 38.Rc7+ Ke8 39.Nce6 Ra2+ 40.Ke3 Ne7 41.Nxg7+ Kf7 42.Ngf5  1-0

[Event "Dos Hermanas Qualifier"]
[Site "Internet ICC"]
[Date "2000.03.19"]
[Round "4.2"]
[White "Almasi,I"]
[Black "Tyomkin,D"]
[Result "1/2-1/2"]
[WhiteElo "2420"]
[BlackElo "2516"]

1.d4 d6 2.e4 Nf6 3.Nc3 Nbd7 4.Nf3 e5 5.Bc4 Be7 6.O-O O-O 7.Re1 c6 8.a4 a5
9.Ba2 exd4 10.Qxd4 Nc5 11.Bf4 Bg4 12.Rad1 Bxf3 13.gxf3 Ne8 14.Bg3 Qb6 15.Rb1 Qb4
16.Qc4 Bf6 17.e5 dxe5 18.Bxe5 Ne6 19.Kh1 Rd8 20.f4 Qb6 21.Ne4 Bxe5 22.fxe5 Rd4
23.Qb3 Rb4 24.Qh3 N8c7 25.Qf5 Kh8 26.Rg1 c5 27.Bxe6 Qxe6 28.Qg5 Ne8 29.f3 b6
30.b3 Rd4 31.Rbe1 Rd5 32.Nf6 h6 33.Qh5 Nxf6 34.exf6 Rxh5 35.fxg7+ Kg8 36.gxf8=Q+ Kxf8
37.Rxe6 fxe6 38.Rg4 Rd5 39.Rg6 Ke7 40.Rxh6 Rd2 41.Rh7+ Kd6 42.Rb7 Kc6 43.Re7 Kd6
44.Rb7 Kc6 45.Re7 Kd6  1/2-1/2

[Event "16th Asian Cities"]
[Site "Beirut LIB"]
[Date "2000.03.20"]
[Round "3"]
[White "Janahi,Z"]
[Black "Abdul,M"]
[Result "0-1"]
[WhiteElo "2180"]
[BlackElo "2275"]

1.e4 d6 2.d4 Nf6 3.Nc3 Nbd7 4.f4 e5 5.Nf3 exd4 6.Qxd4 c6 7.Be3 d5 8.e5 Ng4
9.Qd2 Nxe3 10.Qxe3 Qb6 11.Qxb6 axb6 12.Ne2 Be7 13.Ned4 Nc5 14.a3 b5 15.c3 O-O
16.f5 Re8 17.Be2 Bd8 18.O-O Bc7 19.Rae1 Bd7 20.Kh1 Bxe5 21.Bxb5 Bxd4 22.cxd4 Ne4
23.Bd3 Bxf5 24.Ne5 Bg6 25.Bxe4 dxe4 26.Rf4 f5 27.g4 Rf8 28.h4 Rad8 29.Rd1 Rd5
30.b4 fxg4 31.Nxg6 hxg6 32.Rxg4 Rf3 33.Rxe4 Rxa3 34.Rf1 Rf5 35.Rxf5 gxf5
36.Rf4 g6 37.Kg2 Rb3 38.h5 Kg7 39.hxg6 Kxg6 40.d5 cxd5 41.Rd4 Kf6 42.Rxd5 Rxb4
43.Kf3 Kg5 44.Rd7 Rb3+ 45.Ke2 b5 46.Rg7+ Kf4 47.Rb7 Rb2+ 48.Kd3 b4 49.Rb5 Kg4
50.Rb8 f4 51.Ke4 Re2+ 52.Kd4 Kf3 53.Kd3 Re7 54.Rxb4 Rd7+ 55.Kc2 Kg3 56.Rb8 f3
57.Rg8+ Kh2 58.Rh8+ Kg2 59.Rg8+ Kf1 60.Rf8 f2 61.Rf6 Rg7 62.Kd2 Kg1  0-1

[Event "Israeli League"]
[Site "Ramat Aviv ISR"]
[Date "2000.03.24"]
[Round "7"]
[White "Katzir,M"]
[Black "Oratovsky,M"]
[Result "1/2-1/2"]
[WhiteElo "2192"]
[BlackElo "2491"]

1.e4 d6 2.d4 Nf6 3.Nc3 Nbd7 4.f4 e5 5.Nf3 exd4 6.Qxd4 c6 7.Be3 d5 8.exd5 Bc5
9.Qd3 Qe7 10.Nd4 Nb6 11.O-O-O Nbxd5 12.Re1 O-O 13.Bd2 Qd8 14.Nf3 Nxc3 15.Bxc3 Nd5
16.Bd2 Qf6 17.Qc4 Bf2 18.Re5 Bb6 19.Bd3 g6 20.Ng5  1/2-1/2

[Event "AB Puchko Mem"]
[Site "Alushta UKR"]
[Date "2000.03.26"]
[Round "8"]
[White "Zajarnyi,A"]
[Black "Mikhaletz,L"]
[Result "1/2-1/2"]
[WhiteElo "2395"]
[BlackElo "2513"]

1.e4 d6 2.d4 Nf6 3.Nc3 c6 4.f4 b5 5.e5 b4 6.exf6 bxc3 7.fxg7 Bxg7 8.bxc3 e5
9.fxe5 Qh4+ 10.g3 Qe4+ 11.Qe2 Qxh1 12.exd6+ Be6 13.Nf3 O-O 14.Qf2 Re8  1/2-1/2